Nevers - Choix Multiples - Statistiques

Statistiques générales
  • Ce quiz a été pris 51 fois
  • Le résultat moyen est 6 sur 10
Statistiques - réponses
Question Réponse % Correct
Quel cours d'eau coule à Nevers? La Loire
94%
Quel évènement sportif se tient entre 1991 et 2008 à Magny-Cours, près de Nevers? Le grand prix de France de Formule 1
83%
De quelle région historique et culturelle Nevers est la capitale? Le Nivernais
79%
Quelle industrie fait la renommée de la ville? La Faïence
72%
Quel monument est considéré comme étant le "premier château de la Loire"? Le palais ducal
62%
Quel est le sport pratiqué par le seul club professionnel de la ville, qui évolue en seconde division nationale? Le Rugby
62%
Quelle sainte catholique fût sœure puis enterrée à Nevers? Bernadette Soubirous
60%
Quelle écrivaine place Nevers au cœur de "Hiroshima, mon amour", film de 1959 réalisé par Alain Resnais? Marguerite Duras
47%
Sur laquelle de ces photos voit-on le pont principal de la ville?
45%
La cathédrale de Nevers, joyaux de l'architecture gothique, est quasi-entièrement détruite quand... Elle est bombardée par les alliés en 1944
34%
Aucun quiz correspondant
Distribution des résultats
% des personnes avec chaque résultat
Percentile par nombre de réponses
Votre historique - résultats
Vous n’avez pas pris ce quiz